| 000 | 00555pam a2200217 i 4500 | ||
|---|---|---|---|
| 001 | 1302878 | ||
| 005 | 20180223084228.0 | ||
| 008 | 770506s1977 nyua b 001 0 eng | ||
| 010 | _a 77005984 | ||
| 020 |
_a0394411595 : _c$10.00 |
||
| 040 |
_aDLC _cDLC _dDLC |
||
| 041 | _aeng | ||
| 080 | _a796.426 FIX | ||
| 082 | 0 | 0 | _a796.426 FIX |
| 100 | 1 | _a8 | |
| 101 | _aEKF | ||
| 245 | 1 | 4 |
_aThe complete book of running / _cJames F. Fixx. |
| 504 | _aBibliography: p. [290]-306. | ||
| 906 |
_a7 _bcbc _corignew _d1 _eocip _f19 _gy-gencatlg |
||
| 942 |
_2ddc _cBK |
||
| 999 |
_c43324 _d43324 |
||